| 000 -LEADER |
| fixed length control field |
01085nam a22003377a 4500 |
| 001 - CONTROL NUMBER |
| control field |
3333318 |
| 003 - CONTROL NUMBER IDENTIFIER |
| control field |
OSt |
| 005 - DATE AND TIME OF LATEST TRANSACTION |
| control field |
20210423061436.0 |
| 008 - FIXED-LENGTH DATA ELEMENTS--GENERAL INFORMATION |
| fixed length control field |
851126s1987 paua b 001 0 eng c |
| 010 ## - LIBRARY OF CONGRESS CONTROL NUMBER |
| LC control number |
85023966 |
| 020 ## - INTERNATIONAL STANDARD BOOK NUMBER |
| International Standard Book Number |
0812110064 |
| 040 ## - CATALOGING SOURCE |
| Original cataloging agency |
DNLM/DLC |
| Transcribing agency |
DLC |
| Modifying agency |
DLC |
| Language of cataloging |
eng |
| 041 ## - LANGUAGE CODE |
| Language code of text/sound track or separate title |
eng |
| 050 00 - LIBRARY OF CONGRESS CALL NUMBER |
| Classification number |
RC71 |
| Item number |
.T49 1987 |
| 060 ## - NATIONAL LIBRARY OF MEDICINE CALL NUMBER |
| Classification number |
WB 141 T355 |
| 080 ## - UNIVERSAL DECIMAL CLASSIFICATION NUMBER |
| Universal Decimal Classification number |
616 |
| Item number |
S-19 |
| 082 00 - DEWEY DECIMAL CLASSIFICATION NUMBER |
| Classification number |
616.07/5 |
| Edition number |
19 |
| 100 ## - MAIN ENTRY--PERSONAL NAME |
| 9 (RLIN) |
1020 |
| Personal name |
Samiy, H., A. |
| Relator term |
Editor |
| 245 00 - TITLE STATEMENT |
| Title |
Textbook of diagnostic medicine / |
| Statement of responsibility, etc. |
edited and with contributions by A.H. Samiy, R. Gordon Douglas, Jr., Jeremiah A. Barondess. |
| Remainder of title |
/ by: Lea & Febiger |
| 260 ## - PUBLICATION, DISTRIBUTION, ETC. |
| Place of publication, distribution, etc. |
Philadelphia |
| Name of publisher, distributor, etc. |
Lea & Febiger |
| Date of publication, distribution, etc. |
1987. |
| 300 ## - PHYSICAL DESCRIPTION |
| Extent |
xxiii, 900 p. |
| Other physical details |
ill. |
| Dimensions |
29 cm. |
| 504 ## - BIBLIOGRAPHY, ETC. NOTE |
| Bibliography, etc. note |
Includes bibliographies and index. |
| 650 #0 - SUBJECT ADDED ENTRY--TOPICAL TERM |
| Topical term or geographic name entry element |
Diagnostics |
| 9 (RLIN) |
77 |
| 650 #2 - SUBJECT ADDED ENTRY--TOPICAL TERM |
| Topical term or geographic name entry element |
Diagnosis. |
| 653 ## - INDEX TERM--UNCONTROLLED |
| Uncontrolled term |
დიაგნოსტიკა |
| 700 1# - ADDED ENTRY--PERSONAL NAME |
| Personal name |
Samiy, A. H. |
| 700 1# - ADDED ENTRY--PERSONAL NAME |
| Personal name |
Douglas, R. Gordon |
| Fuller form of name |
(Robert Gordon), |
| Dates associated with a name |
1934- |
| 700 1# - ADDED ENTRY--PERSONAL NAME |
| Personal name |
Barondess, Jeremiah A., |
| Dates associated with a name |
1924- |
| 906 ## - LOCAL DATA ELEMENT F, LDF (RLIN) |
| a |
7 |
| b |
cbc |
| c |
orignew |
| d |
1 |
| e |
ocip |
| f |
19 |
| g |
y-gencatlg |
| 942 ## - ADDED ENTRY ELEMENTS (KOHA) |
| Source of classification or shelving scheme |
|
| Koha item type |
Books |